[Event "Latham op"]
[Site "Latham"]
[Date "2004.01.25"]
[Round "5"]
[White "Bishop, Stewart"]
[Black "Schanz, Joseph J"]
[Result "1-0"]
[WhiteElo "1356"]
[BlackElo "1344"]
[PlyCount "83"]
[EventDate "2004.01.23"]
[EventType "swiss"]
[EventRounds "5"]
[EventCountry "USA"]
[SourceTitle "EXT 2007"]
[Source "ChessBase"]
[SourceDate "2006.11.23"]
[SourceVersion "1"]
[SourceVersionDate "2006.11.23"]
[SourceQuality "1"]

1. d4 f5 2. Nc3 Nf6 3. Nf3 g6 4. g3 Bg7 5. Bg2 0-0 6. 0-0 d6 7. Bf4 Ne4 8. Qc1 Re8 9. Rd1 c6 10. Bh6 Bh8 11. Bf4 Qc7 12. Nxe4 fxe4 13. Ng5 e5 14. dxe5 dxe5 15. Be3 Bg4 16. Qd2 Qd7 17. Qxd7 Bxd7 18. Nxe4 Bf5 19. c3 Nd7 20. Rac1 Bg7 21. b3 a5 22. h3 a4 23. b4 b6 24. Nd6 Red8 25. Bxc6 Bxh3 26. Bxa8 Rxa8 27. Ne4 Bg4 28. f3 Be6 29. a3 b5 30. Rd6 Re8 31. Rd2 Nb8 32. Bg5 Nc6 33. Nf6+ Bxf6 34. Bxf6 Bc4 35. Rd6 Rc8 36. Kf2 Kf7 37. Bg5 Bb3 38. Rf6+ Kg7 39. Rd6 Kf7 40. e4 Nd4 41. cxd4 Rxc1 42. Bxc1 1-0